00856nam a2200253 i 4500001000300000100003700003245008800040260005100128300003000179504002500209650004500234655003000279700001800309020001500327040000800342041000700350080001500357920001800372942000700390008004100397999001700438856009800455952004900553bg1 aJezierski, Andrzejd(1930-2002). 0aHistoria gospodarcza Polski Ludowej 1944 - 1975 /cAndrzej Jezierski, Barbara Petz. aWarszawa :bPaństwowe Wydaw. Naukowe,c1980. a405 s. :btabl. ;c20 cm. aLiterat. s.384- 397. 9aHistoria gospodarczazPolskayod 1944 r. aPodręczniki akademickie1 aPETZ, Barbara a8301001461 cBPK apl a338.1(091) a83-01-00146-1 cKS s pl f |000 0 pol  c35320d35320 uhttp://koha.tu.koszalin.pl/cgi-bin/koha/opac-detail.pl?biblionumber=35320yKatalog online BPK 00104074aBPKbBPKcwoD 160p02236360yKS